| 000 | 01402nam a2200361 a 4500 | ||
|---|---|---|---|
| 001 | vtls002900293 | ||
| 003 | ES-BaIT | ||
| 005 | 20230719122311.0 | ||
| 008 | 180731s2009 xxk|||| |||||0|1 0 eng|c | ||
| 010 | _a2900293 | ||
| 020 | _a9781848420830 | ||
| 035 | _ab61896135 | ||
| 039 | 9 |
_a201807311805 _bVLOAD _c201507201454 _dgarrigaln _c201506191827 _dlluiscx _c201506101911 _dlluiscx |
|
| 040 |
_aES-BaIT _bcat |
||
| 080 | _a792.028.3 | ||
| 100 | 1 |
_aLinklater, Kristin _929449 |
|
| 245 | 1 | 0 |
_aFreeing Shakespeare's voice : _bthe actor's guide to talking the text / _cKristin Linklater |
| 260 |
_aLondon : _bNick Hern Books, _c2009 |
||
| 300 |
_avii, 214 p. ; _c23 cm |
||
| 500 | _aReimpressions: 2014 | ||
| 600 | 1 | 4 |
_aShakespeare, William, _d1564-1616 _xLlengua _970208 |
| 600 | 1 | 4 |
_aShakespeare, William, _d1564-1616 _xEscenificacions _967385 |
| 600 | 1 | 4 |
_aShakespeare, William, _d1564-1616 _xVersificació _970209 |
| 650 | 0 | 4 |
_aAnglès _xDicció _974438 |
| 907 |
_a.b61896135 _b19-09-14 _c04-09-14 _d04-09-14 _em _fa _g- _heng _ixxk _j0 _k0 |
||
| 940 | _aCVA2 | ||
| 942 |
_2udc _c1 |
||
| 949 |
_61900067667 _a792.028.3 LIN _s2700:20171107 |
||
| 999 |
_c120109 _d120109 |
||